KOHA-Header-6

خاکم بدہن (Record no. 13508)

000 -LEADER
fixed length control field 00366nam a22001217a 4500
082 ## - DEWEY DECIMAL CLASSIFICATION NUMBER
Classification number 891.4393
Item number ی وس
100 ## - MAIN ENTRY--AUTHOR NAME
Personal name مشتاق احمد یوسفی
245 ## - TITLE STATEMENT
Title خاکم بدہن
Remainder of title خاکے اور مزاح
260 ## - PUBLICATION, DISTRIBUTION, ETC. (IMPRINT)
Place of publication کراچی
Name of publisher مکتبہ دانیال
Year of publication ٢٠٠٤
300 ## - PHYSICAL DESCRIPTION
Number of Pages ١٩٤ ص
650 ## - SUBJECT ADDED ENTRY--TOPICAL TERM
Topical Term Urdu, Mizah, Khake, Mushtaq Ahmed Yousufi
942 ## - ADDED ENTRY ELEMENTS (KOHA)
Koha item type Books
Holdings
Withdrawn status Lost status Collection code Permanent Location Current Location Shelving location Date acquired Full call number Accession Number Koha item type
    Urdu Literature MAJU MAJU Shelf No.A10 2022-11-30 891.4393 ی وس 10595 Books

Powered by Koha